LEADER 01796nam0 2200385 i 450 001 VAN00055290 005 20240806100509.854 010 $a04-86660-82-6 010 $a978-04-86660-82-0 100 $a20061106d1989 |0itac50 ba 101 $aeng 102 $aUS 105 $a|||| ||||| 200 1 $aLectures on linear algebra$fI. M. Gelfand$gtranslated by A. Shenitzer 210 $aNew York$cDover$d1989 215 $a185 p.$d22 cm 500 1$3VAN00079570$aLektsii po lineinoi algebre$93870270 606 $a15-XX$xLinear and multilinear algebra; matrix theory [MSC 2020]$3VANC020607$2MF 620 $aUS$dNew York$3VANL000011 700 1$aGelfand$bIzrail M.$f1913-2009$3VANV030310$041184 702 1$aShenitzer$bAbe$3VANV042285 712 $aDover $3VANV108158$4650 790 1$aGelfand, Izrail Moiseevich$zGelfand, Izrail M. <1913-2009>$3VANV043808 790 1$aGelfand, I.M.$zGelfand, Izrail M. <1913-2009>$3VANV062622 790 1$aGelfand, I. M.$zGelfand, Izrail M. <1913-2009>$3VANV062623 790 1$aGelfand, Israel M.$zGelfand, Izrail M. <1913-2009>$3VANV204667 790 1$aShenitzer, A.$zShenitzer, Abe$3VANV258318 790 1$aShenitzer, Abram$zShenitzer, Abe$3VANV262428 801 $aIT$bSOL$c20260410$gRICA 856 4 $uhttps://books.google.it/books?id=1ebLTz_MtUcC&printsec=frontcover&dq=9780486660820&hl=it&sa=X&ved=0ahUKEwj32fjZ5o7aAhVC8RQKHXAXDhUQ6AEIJzAA#v=onepage&q&f=false$zPreview 899 $aBIBLIOTECA DEL DIPARTIMENTO DI MATEMATICA E FISICA$1IT-CE0120$2VAN08 912 $aVAN00055290 950 $aBIBLIOTECA DEL DIPARTIMENTO DI MATEMATICA E FISICA$d08PREST 15-XX 1562 $e08 3144 I 20061106 996 $aLektsii po lineinoi algebre$93870270 997 $aUNICAMPANIA